000 01183cam a22002535a 4500
001 L141288
008 061120s2007 bo f s 000 0 eng u
035 _a(Sirsi) u141288
041 0 _aeng
050 0 4 _a711.552 $2 18
110 2 _aEstates Gazette
_9298
245 0 0 _aCentre retailing 2008
250 _a21st ed.
260 _aLondon
_bEstates Gazette
_c2007
300 _a300p.
_c30cm.
520 _aProvides research into the market from retail experts, market overviews and vital statistics, a directory of retail agents and services and a directory of UK and worldwide shopping centres. Also presents features considering the development of historic towns, the tendency in the UK for developers to invest in lower-ranked towns, land rights, mixed-use developments, the unpopularity of multi-level shopping in the UK, and a case study about a speculative 1980s land purchase in South Africa.
521 1 _aAdvanced
590 _aKA
651 4 _aUnited Kingdom
_y
690 _aPROPERTY-COMMERCIAL PROPERTY-RETAIL PROPERTY-SHOPPING CENTRE AND MALL PROPERTY
700 1 _aHenry, Alison
_eEditor
710 _aBritish Council of Shopping Centres
_91982
942 _n0
999 _c107624
_d107624